Green careers. Recycling.

The recycling industry is still in its infancy but is growing fast with everything we buy, consume, and then throw away. This program introduces job opportunities in recycling including a profile of an electronics recycling start-up and a San Francisco municipal program to recycle cooking oil into b...

Full description

Bibliographic Details
Corporate Author: Kanopy (Firm)
Format: Video
Language:English
Published: [San Francisco, California, USA] : Kanopy Streaming, 2014.
Subjects:
Online Access:Connect to this streaming video

MARC

Tag First Indicator Second Indicator Subfields
LEADER 00000cgm a2200000 i 4500
001 in00003585404
006 m o c
007 vz uzazuu
007 cr una---unuuu
008 140717p20142010cau022 o vleng d
005 20260324170824.1
028 5 2 |a 1049934  |b Kanopy 
035 |a (OCoLC)897766417 
035 |a (CaSfKAN)kan1049934 
040 |a UtOrBLW  |b eng  |e rda  |c UtOrBLW  |d UtOrBLW 
245 0 0 |a Green careers.  |p Recycling. 
264 1 |a [San Francisco, California, USA] :  |b Kanopy Streaming,  |c 2014. 
300 |a 1 online resource (1 video file, approximately 22 min., 01 sec.) :  |b digital, .flv file, sound 
336 |a two-dimensional moving image  |b tdi  |2 rdacontent 
337 |a computer  |b c  |2 rdamedia 
337 |a video  |b v  |2 rdamedia 
338 |a online resource  |b cr  |2 rdacarrier 
500 |a Title from title frames. 
518 |a Originally produced by The Phoenix Learning Group in 2010. 
520 |a The recycling industry is still in its infancy but is growing fast with everything we buy, consume, and then throw away. This program introduces job opportunities in recycling including a profile of an electronics recycling start-up and a San Francisco municipal program to recycle cooking oil into biodiesel fuel. Job opportunities in recycling include collection, transportation, receiving and sorting, disassembly, handling hazardous materials, scheduling, operations, and plant management. Recycling provides opportunities for young people to start with a temporary or part-time job, then move up to supervisory and management responsibilities. The biggest challenge in recycling is developing innovative and environmentally sensitive solutions for recycling a wider array of materials. The government is a large factor in the growth of this industry, and often pays private companies to recycle. But for anyone who is entrepreneurial and can figure out a new way to reuse what other people discard, recycling can offer a very worthwhile and profitable career. Jobs profiled in this program include: E-Waste Entrepreneur, Plant Manager, Biofuel Coordinator, Truck Driver. 
538 |a Mode of access: World Wide Web. 
650 0 |a Recycling industry  |x Vocational guidance. 
650 0 |a Biomass energy industries  |x Employees. 
650 0 |a Truck drivers.  |0 http://id.loc.gov/authorities/subjects/sh85138127 
655 7 |a Internet videos.  |2 lcgft  |0 http://id.loc.gov/authorities/genreForms/gf2011026337 
655 7 |a Nonfiction films.  |2 lcgft  |0 http://id.loc.gov/authorities/genreForms/gf2011026423 
710 2 |a Kanopy (Firm)  |0 http://id.loc.gov/authorities/names/no2014091415 
856 4 0 |u http://proxy.library.tamu.edu/login?url=https://texasam.kanopystreaming.com/node/49935  |z Connect to this streaming video  |t 0 
999 f f |s 64cb5598-9e38-3f1a-b18a-652c71d21182  |i 56f0af85-9ad3-3e02-9027-8739823a6c4c  |t 0 
952 f f |a Texas A&M University  |b College Station  |c Electronic Resources  |s www_evans  |d Available Online  |t 0  |h No information provided 
998 f f |t 0  |l Available Online